American Heavy Rail / Rapid Transit Lines - Statistics

General Stats
  • This quiz has been taken 25 times
  • The average score is 64 of 74
Answer Stats
State Line % Correct
NY E
100%
NY N
100%
NY W
100%
NY 1
93%
NY 2
93%
NY 3
93%
NY 4
93%
NY 5
93%
NY 6
93%
NY 7
93%
NY A
93%
NY B
93%
CA B Line
93%
DC/MD/VA Blue Line
93%
IL Blue Line
93%
MA Blue Line
93%
CA Blue Line
93%
GA Blue Line
93%
PA Broad Street Line (B)
93%
NY C
93%
NY D
93%
CA D Line
93%
NY G
93%
DC/MD Green Line
93%
IL Green Line
93%
CA Green Line
93%
GA Green Line
93%
FL Green Line
93%
NY J
93%
NY L
93%
NY M
93%
PA Market-Frankford Line (L)
93%
PA Norristown High Speed Line (M)
93%
DC/MD/VA Orange Line
93%
IL Orange Line
93%
MA Orange Line
93%
CA Orange Line
93%
FL Orange Line
93%
IL Purple Line
93%
NY Q
93%
NY R
93%
DC/MD Red Line
93%
IL Red Line
93%
MA Red Line
93%
CA Red Line
93%
GA Red Line
93%
OH RTA Red Line (Cleveland)
93%
NY F
87%
IL Pink Line
87%
DC/VA Yellow Line
87%
IL Yellow Line
87%
CA Yellow Line
87%
NY Z
87%
BART (San Francisco)
80%
Chicago L
80%
HI Honolulu Skyline
80%
MARTA (Atlanta)
80%
Metrorail (Miami)
80%
NJ/PA PATCO Speedline (Philadelphia)
80%
SEPTA Metro
80%
DC/MD/VA Silver Line
80%
IL Brown Line
73%
New York City Subway
73%
NJ PATH
73%
PR Tren Urbano (San Juan)
73%
Washington Metro
73%
MD Baltimore Metro Subway Link
67%
MBTA Subway (Boston)
67%
GA Gold Line
60%
Metro Rail (Los Angeles)
60%
NY S (42nd Street)
47%
NY Staten Island Railway
47%
NY S (Franklin Ave)
40%
NY S (Rockaway Park)
40%
No matching quizzes found
Score Distribution
Percent of People with Each Score
Percentile by Number Answered
Your Score History
You have not taken this quiz